000 00504nam a2200181Ia 4500
001 19961
005 20260306172731.0
008 260306t1998||||xx |||||||||||||| ||spa||
041 _aESP
082 _a341.9
_bT83 T. 1
100 _aTruyol y Serra, Antonio
_eAUT
245 0 _aHistoria de la filosofía del derecho y del estado:
_bde los orígenes a la baja edad media
260 _c1998
300 _axxviii, 468 páginas :
_c23 cm.
650 _aGEN
654 _aCDE
942 _cLIB
_dJUS
_fJUS
_2ddc
_n
999 _c19961
_d19961